Catálogo Biblioteca Central

Sobre el papel ambiguo del "amateur" en el arte contemporáneo (Registro nro. 145707)

Detalles MARC
000 -CABECERA
campo de control de longitud fija 00744nam a22002055 4500
001 - NÚMERO DE CONTROL
campo de control 145707
003 - IDENTIFICADOR DEL NÚMERO DE CONTROL
campo de control ES-MaBCM
005 - FECHA Y HORA DE LA ÚLTIMA TRANSACCIÓN
campo de control 20241016183822.0
008 - CÓDIGOS DE INFORMACIÓN DE LONGITUD FIJA
campo de control de longitud fija 070216s1985 esp spa d
017 ## - NÚMERO DE COPYRIGHT O DE DEPÓSITO LEGAL
Depósito legal B.13139-85
021 ## -
-- xx
035 ## - NÚMERO DE CONTROL DEL SISTEMA
Número de control de sistema (OCoLC)1365246680
040 ## - FUENTE DE LA CATALOGACIÓN
Centro transcriptor ES-MaBCM
100 1# - PUNTO DE ACCESO PRINCIPAL - NOMBRE DE PERSONA
Nombre de persona Figueras Bassols, José María
9 (RLIN) 78763
245 10 - MENCIÓN DE TÍTULO
Título Sobre el papel ambiguo del "amateur" en el arte contemporáneo
Resto del título : discurso de ingreso de José Mª Figueras Bassols, leído el día 25 de abril de 1985 y contestación de Federico Marés Deulovol..
260 ## - PUBLICACIÓN, DISTRIBUCIÓN, ETC. (PIE DE IMPRENTA)
Lugar de publicación distribución etc. Barcelona :
Nombre del editor distribuidor etc. Real Academia Catalana de Bellas Artes de San Jorge, 1985,
300 ## - DESCRIPCIÓN FÍSICA
Extensión 32 p. dupl.
Dimensiones 26 cm
500 ## - NOTA GENERAL
Nota general Texto bilingüe español-catalán
942 ## - ELEMENTOS DE PUNTO DE ACCESO ADICIONAL (KOHA)
Tipo de ítem Koha Libros
Existencias
Estado de retiro Estado de pérdida Fuente del sistema de clasificación o colocación Estado dañado No para préstamo Localización permanente Ubicación/localización actual Ubicación en estantería Fecha de adquisición Fuente de adquisición Número de inventario Número de registro Signatura topográfica completa Código de barras Precio válido a partir de Tipo de ítem Koha
          Biblioteca Central del Ministerio de la Presidencia Biblioteca Central del Ministerio de la Presidencia Sala 16/02/2007 Donativo 32513 32513 C.510/21 1053834 16/02/2007 Libros